Linha reta (Record no. 126242)

MARC details
000 -LÍDER
campo de controle de tamanho fixo 00631 a2200193 4500
001 - NÚMERO DE CONTROLE
campo de controle 126242
020 ## - ISBN - INTERNATIONAL STANDARD BOOK NUMBER
ISBN - International Standard Book Number 9786500321951
040 ## - FONTE DA CATALOGAÇÃO
Instituição que transcreveu o registro Escola Canadense de Niteroi
090 ## - NÚMERO DE CHAMADA LOCAL
Número de chamada (OCLC) (R); Número de chamada, CALL (RLIN) (NR) BRO
100 ## - ENTRADA PRINCIPAL--NOME PESSOAL
Nome pessoal Broitman, Sophia
245 10 - TÍTULO
Título Linha reta
260 ## - PUBLICAÇÃO, DISTRIBUIÇÃO, ETC.
Local de publicação, distribuição, etc. São Paulo
300 ## - DESCRIÇÃO FÍSICA
Extensão 81 p.
Outros detalhes físicos il.
362 0# - DATAS DE PUBLICAÇÃO E/OU DESIGNAÇÃO SEQUENCIAL
Datas de publicação e/ou designação sequencial 2021
520 ## - NOTA DE RESUMO, ETC
Resumo, etc. Semana que vem o mundo será derrotado <br/>um planeta colidirá com outro<br/>nossa terra abraçará fragmento interestelar<br/>Assistiremos como se fosse um filme bom<br/>todos terão o mesmo dom <br/>acabar.
650 #4 - ASSUNTO--TERMO TÓPICO
Cabeçalho tópico ou nome geográfico Poesias, Poemas, Versos ou Teatro
650 #4 - ASSUNTO--TERMO TÓPICO
Cabeçalho tópico ou nome geográfico Literatura para Jovem Adulto
942 ## - ELEMENTOS DE ENTRADA ADICIONADOS (KOHA)
Tipo de material Koha Livros
Holdings
Situação do descarte Situação das perdas Situação física Não pode ser emprestado Biblioteca de origem Biblioteca atual Data de aquisição Total de empréstimos Número de chamada completo Código de barras Data de último acesso Data do preço efetivo Tipo de material Koha
        Canadian School of Niterói - Itacoatiara Canadian School of Niterói - Itacoatiara 09/02/2024   BRO A31676 09/02/2024 09/02/2024 Livros